ANTHONY CARO : Defilé možností súčasného sochára

Podrobná bibliografia
Hlavný autor: Procházka, Miro (Autor)
Médium: Článok
Jazyk:slovenčina

MARC

LEADER 00000nab a2200000 a 4500
001 vtls011105654
003 SK-MaSNL
005 20260303143109.0
008 230222|1992 xo |||||||||||||||||slo|
015 |a SNBRB 
035 |a (uuid)0aa0d09f-fc9e-4a5e-b117-d455a1bfc5eb 
035 |a (urnnbn)urn:nbn:sk:snk:ar-a088a5 
035 |a urn:nbn:sk:snk-ab9bvv 
040 |a SNKBUCL  |b slo  |c SNKBUCL  |e AACR2 
041 0 |a slo 
044 |a xo  |c SK 
100 1 |a Procházka, Miro  |4 aut  |9 279244 
245 1 0 |a ANTHONY CARO :  |b Defilé možností súčasného sochára  |c Miro Procházka 
773 0 |t Profil súčasného výtvarného umenia  |g Roč. 2, č. 16-17 (1992), s. 9 
954 |a odborná, vedecká literatúra pôvodná (slovenská)  |2 lita 
958 |a OND 
958 |a EUIPO 
958 |a article13 
999 |c 1988053  |d 1989983